<The> Dartnell Sales Manager's Handbook

Saved in:
Bibliographic Details
Other Authors: Steinbrink, John P.
Format: Book
Language:English
Published: Chicago Dartnell Corporation 1989
Edition:1. ed.
Tags: Add Tag
No Tags, Be the first to tag this record!

MARC

LEADER 00000nam a2200000 4500
001 c024051
005 20221215113525.7
041 0 |a eng 
044 |a US 
245 1 0 |a <The> Dartnell Sales Manager's Handbook  |c Edit. John P. Steinbrink 
250 |a 1. ed. 
264 1 |a Chicago  |b Dartnell Corporation  |c 1989 
300 |a 1271 s. 
700 1 |a Steinbrink, John P.